| 000 | 00522nam a22001937a 4500 | ||
|---|---|---|---|
| 003 | OSt | ||
| 005 | 20210419073031.0 | ||
| 008 | 210305s1971 ||||| |||| 00| 0 eng d | ||
| 040 |
_aeng _beng _cDLC |
||
| 041 | _aeng | ||
| 080 |
_a616.8 _bJ-74 |
||
| 100 |
_91255 _aJokl, Ernst |
||
| 245 |
_aNeurological Aspects of Sport / Part I _c/ by: Medicine and Sport |
||
| 260 |
_aUSA _bMedicine and Sport _c1971 |
||
| 300 |
_a279 p. _bill. |
||
| 650 | 0 |
_9100 _aNeurology |
|
| 653 | _aნევროლოგია | ||
| 942 |
_2udc _cBK |
||
| 999 |
_c1944 _d1944 |
||